| 000 | 00491nam a2200169Ia 4500 | ||
|---|---|---|---|
| 003 | OSt | ||
| 005 | 20240925121419.0 | ||
| 008 | 190216s9999||||xx |||||||||||||| ||und|| | ||
| 040 | _coclc | ||
| 082 |
_a547.13 _bCHA/O |
||
| 100 |
_aChapman, Orville L _94246 |
||
| 245 | 0 |
_aOrganic Photochemistry / _cOrville L Chapman |
|
| 260 |
_bMarcel Dekker, _c1967. _aNew York: |
||
| 300 | _a339p | ||
| 650 | _aChemistry-Chemistry | ||
| 942 |
_cBK _2ddc _h547.13 _iCHA/O _k547.13 _mCHA/O |
||
| 999 |
_c2451 _d2451 |
||